000 00536nam a2200181Ia 4500
003 OSt
005 20210810100726.0
008 190216s9999||||xx |||||||||||||| ||und||
040 _coclc
082 _a530.44
_bCHE/I
100 1 _aChen, Francis F.,
_d1929-
_94492
245 0 _aIntroduction To Plasma Physics And Controlled Fusion /
_cFrancis F Chen
250 _a2nd Ed.
260 _bPlenum Press,
_c1978.
_aNew York:
300 _a420p
650 _aPhysics
942 _cBK
_2ddc
_h530.44
_iCHE/I
_k530.44
_mCHE/I
999 _c33952
_d33952